000 00792nam a2200217Ia 4500
003 GCL
008 140319s9999 xx 000 0 ara d
020 _a2145001977
040 _aGCL /
_cGCL
082 0 4 _a822.008
_bش ف
100 1 _aشكسبير، ويليام
245 1 0 _aفينوس وادونيس: قصة شعرية لشكسبير /
_cشكسبير، ويليام
700 1 _aعبدالعزيز توفيق جاويد
260 _aالقاهرة :
_bالهيئة المصرية العامة للكتاب ،
_c1987
300 _a105 ص ؛
_c24 سم
650 0 4 _aالقصص الانجليزية
650 0 4 _aالشعر الانجليزى المترجم
650 0 4 _aالادب الانجليزى المترجم
650 0 4 _aشكسبير، ويليام
942 _2ddc
_cBK
999 _c28286
_d28286